Starting composition & perspective
| Main Author: | |
|---|---|
| Other Authors: | |
| Format: | Book |
| Published: |
Leicester :
Magna Books ,
1993
|
| Subjects: |
MARC
| LEADER | 00000cam a2200000 7i4500 | ||
|---|---|---|---|
| 001 | 0000004487 | ||
| 002 | 000004831 | ||
| 005 | 20100610.0 | ||
| 020 | |a 1854221949 | ||
| 090 | 0 | 0 | |a 701.8 |b WAR |
| 100 | 1 | |a Ward, T.W | |
| 245 | 1 | 0 | |a Starting composition & perspective |c T.W.Ward |
| 260 | |a Leicester : |b Magna Books , |c 1993 | ||
| 300 | |a 60p. ; |c 25cm. | ||
| 650 | 0 | 0 | |a Composition (Art) |
| 700 | 1 | |a Howard, Ken | |
| 999 | |a 032740 |b BUKU |c PINJAMAN |e PERPUSTAKAAN KOMUNITI PETALING JAYA | ||